| 000 | 00000nam##2200000za#4500 |
| 001 | 9.571816 |
| 003 | CaOODSP |
| 005 | 20210624182919 |
| 007 | cr ||||||||||| |
| 008 | 150406|2001||||xxc|||||o f|0| 0 eng|d |
| 040 | |aCaOODSP|beng |
| 043 | |an-cn--- |
| 086 | 1 |aNH18-24/31E-PDF |
| 110 | 2 |aCanada Mortgage and Housing Corporation. |
| 245 | 10|aUnderstanding and dealing with interactions between trees, sensitive clay soils and foundations |h[electronic resource] |
| 260 | |aOttawa - Ontario : |bCanada Mortgage and Housing Corporation |cc2001. |
| 300 | |a8p.|bfigs., map, references |
| 490 | 1 |aAbout your house |vCE31 |
| 590 | |a11-23-Supp|b2011-10-17 |
| 690 | 07|aSoil|2gcpds |
| 690 | 07|aHousing|2gcpds |
| 690 | 07|aTrees|2gcpds |
| 775 | 08|tComprendre l'interaction des arbres, du sol d'argile sensible et des fondations et agir en conséquence |w(CaOODSP)9.602238 |
| 776 | 0#|tUnderstanding and dealing with interactions between trees, sensitive clay soils and foundations |w(CaOODSP)9.615915 |
| 830 | #0|aAbout your house ;|vCE31|w(CaOODSP)9.505388 |
| 856 | 40|ahttp://publications.gc.ca|qPDF|s1.32 MB|uhttps://publications.gc.ca/collections/Collection/NH18-24-31E.pdf|yCE31 |